| 000 | 00508nam a22001457a 4500 | ||
|---|---|---|---|
| 003 | macl | ||
| 005 | 20170901121550.0 | ||
| 008 | 170901b xxu||||| |||| 00| 0 eng d | ||
| 040 | _cmacl | ||
| 100 |
_aसंपा. डॉ कमल किशोर गोयनका _968951 |
||
| 245 | _aप्रेमचंद के नाम पत्र | ||
| 260 |
_aअभिमन्यु प्रकाशन _bदिल्ली _c2016 |
||
| 650 |
_aसाहित्य _968952 |
||
| 942 |
_2ddc _cHIN |
||
| 999 |
_c56965 _d56965 |
||